000
00304nam a2200121Ia 4500
008
190216s9999||||xx |||||||||||||| ||und||
100
_a
"Efraim Turban,Linda Volonio"
245
0
_a
Information Technology For Management
260
_b
Wiley India
_c
2010
300
_a
623
650
_a
Commerce
942
_c
BK
999
_c
7718
_d
7718